000 00906nam a2200265 a 4500
001
003 OSt
005 20220926104439.0
008 130823s2022 dr 000 0 spa d
040 _aDO-SdBNP
_bspa
_cBPMSU
082 _aRD863.44
_bB742L 2022
_222
245 1 0 _aCuentos y valores :
_btextos de Juan Bosch para fomentar el desarrollo de la conciencia moral y ética /
_ceditor Ángel R. Villarini Jusino prólogo Matía Bosch
250 _a2a. ed.
260 _aSanto Domingo :
_b Fundación Juan Bosch,
_c2022
300 _a240 p ;
_c22 cm.
590 _aInventariado, 2022/VM
600 1 4 _a Bosch, Juan,
_d1909-2001
_xCrítica e interpretación
650 4 _aCuentos dominicanos
650 4 _aValores sociales
650 4 _aConducta (Ética)
_vCuentos.
_x
650 4 _aValores (Filosofía)
_vCuentos.
650 4 _aLiteratura dominicana
910 _aVMateo V./Validado
942 _2ddc
_cBK
999 _c14279
_d14279